Maths made easy : (Record no. 10013)
[ view plain ]
| 000 -LEADER | |
|---|---|
| fixed length control field | 00450nam a22001577a 4500 |
| 003 - CONTROL NUMBER IDENTIFIER | |
| control field | OSt |
| 005 - DATE AND TIME OF LATEST TRANSACTION | |
| control field | 20260428052616.0 |
| 008 - FIXED-LENGTH DATA ELEMENTS--GENERAL INFORMATION | |
| fixed length control field | 260428b |||||||| |||| 00| 0 eng d |
| 040 ## - CATALOGING SOURCE | |
| Original cataloging agency | DWCL GS lib |
| Transcribing agency | OC |
| 082 ## - DEWEY DECIMAL CLASSIFICATION NUMBER | |
| Classification number | 513.5 |
| 100 ## - MAIN ENTRY--PERSONAL NAME | |
| Personal name | Gash, Peter |
| 245 ## - TITLE STATEMENT | |
| Title | Maths made easy : |
| Remainder of title | Decimals / |
| Statement of responsibility, etc. | Peter Gash |
| 300 ## - PHYSICAL DESCRIPTION | |
| Extent | 32 pages: |
| Other physical details | illustrations |
| Dimensions | 26cm. |
| 546 ## - LANGUAGE NOTE | |
| Language note | English |
| 942 ## - ADDED ENTRY ELEMENTS (KOHA) | |
| Source of classification or shelving scheme | Dewey Decimal Classification |
| Koha item type | Book- Reserved |
| Classification part | 513. G212m 2001 |
| Suppress in OPAC | No |
| 952 ## - LOCATION AND ITEM INFORMATION (KOHA) | |
| -- | |
| 952 ## - LOCATION AND ITEM INFORMATION (KOHA) | |
| -- | |
| Withdrawn status | Lost status | Source of classification or shelving scheme | Damaged status | Not for loan | Home library | Current library | Date acquired | Source of acquisition | Total Checkouts | Full call number | Barcode | Date last seen | Copy number | Price effective from | Koha item type | Uniform Resource Identifier |
|---|---|---|---|---|---|---|---|---|---|---|---|---|---|---|---|---|
| Dewey Decimal Classification | Grade School Library | Grade School Library | 04/28/2026 | School Fund, Donation | 513.5 G 212m 2001 | 7990 | 04/28/2026 | c1 | 04/28/2026 | BK-0 CIRC | ||||||
| Dewey Decimal Classification | Grade School Library | Grade School Library | 04/28/2026 | School Fund, Donation | 513.5 G 212m 2001 | 7991 | 04/28/2026 | c2 | 04/28/2026 | BK-0 CIRC |